| 000 | 00349nam a2200121Ia 4500 | ||
|---|---|---|---|
| 008 | 180117s9999 xx 000 0 und d | ||
| 100 | _aby Rai Cruz | ||
| 245 | _aSTREET EXPRESSION | ||
| 260 | _c2016 | ||
| 300 | _a20-22 pages, 2016 February 28 | ||
| 440 | _aPhilippine Panorama | ||
| 650 | _aMESSY AND REWARDING BUSINESS OF PAITING ON BORROWED WALLS | ||
| 999 |
_c353520 _d353520 |
||